000 00568nam a2200193Ia 4500
003 GCL
008 140319s9999 xx 000 0 ara d
040 _aGCL /
_cGCL
082 0 4 _a810.8
_bم ع
100 1 _aمصطفى محمود
245 1 0 _aعنبر 7 /
_cمصطفى محمود
250 _aالرابعة
260 _aالقاهرة :
_bدار المعارف
300 _a155 ص ؛
_c19 سم
650 0 4 _aالقصة القصيرة
650 0 4 _aالقصص العربية القصيرة - مصر
650 0 4 _aالقصص - مجموعات
942 _2ddc
_cBK
999 _c922
_d922